Sistema de información para centros de alimentación financiados con recursos de asignaciones familiares. Centros Infantiles de Ayuda Integral (CINAI) y otros Centros de Alimentación financiados con recursos de Asignaciones Familiares
Kaydedildi:
| Yazar: | |
|---|---|
| Materyal Türü: | Kitap |
| Baskı/Yayın Bilgisi: |
[San José , Costa Rica]
1979
|
| Etiketler: |
Etiketle
Etiket eklenmemiş, İlk siz ekleyin!
|
MARC
| LEADER | 00000nam a2200000Ia 4500 | ||
|---|---|---|---|
| 003 | 002345 | ||
| 005 | 20221231144414.0 | ||
| 008 | 140114s1979 c a m 000 ||s d | ||
| 040 | |c cru CEDI | ||
| 090 | |a TFG 1447 | ||
| 100 | |a Solera Castro, Oscar Enrique |9 15071 | ||
| 245 | |a Sistema de información para centros de alimentación financiados con recursos de asignaciones familiares. Centros Infantiles de Ayuda Integral (CINAI) y otros Centros de Alimentación financiados con recursos de Asignaciones Familiares | ||
| 260 | |c 1979 |a [San José , Costa Rica] | ||
| 300 | |a 257[25]hojas :ilustraciones | ||
| 500 | |a Proyecto de graduación (licenciatura en ingeniería industrial)--Universidad de Costa Rica. Facultad de Ingeniería. Escuela de Ingeniería Industrial | ||
| 942 | |c TFG | ||
| 999 | |c 21396 |d 21396 | ||
